Đại số đại cương

Kiến thức đại cương về đại số cao cấp: tập hợp và quan hệ, nửa nhóm và nhóm, vành và trường, vành đa thức, vành chỉnh và vành ơlit, đa thức trên trường số

Uloženo v:
Podrobná bibliografie
Hlavní autor: Hoàng, Xuân Sính
Médium: Kniha
Jazyk:Undetermined
Vydáno: Hà Nội Giáo Dục 1998
Témata:
Tagy: Přidat tag
Žádné tagy, Buďte první, kdo otaguje tento záznam!
Thư viện lưu trữ: Trung tâm Học liệu Trường Đại học Cần Thơ
LEADER 00890nam a2200229Ia 4500
001 CTU_149650
008 210402s9999 xx 000 0 und d
020 |c 7100 
082 |a 512.02 
082 |b S312 
100 |a Hoàng, Xuân Sính 
245 0 |a Đại số đại cương 
245 0 |c Hoàng Xuân Sính 
260 |a Hà Nội 
260 |b Giáo Dục 
260 |c 1998 
520 |a Kiến thức đại cương về đại số cao cấp: tập hợp và quan hệ, nửa nhóm và nhóm, vành và trường, vành đa thức, vành chỉnh và vành ơlit, đa thức trên trường số 
526 |a Lý thuyết nhóm 
526 |b SP303 
650 |a Algebra, abstract,Algebraic fields,Combinations,Group theory 
904 |i Trọng Hải 
980 |a Trung tâm Học liệu Trường Đại học Cần Thơ